Cinturó de Ronda de Sant Sadurní d'Anoia
Descripción Física:
[4] p. : map. ; 21 cm
Materias:
Carreteres -- Sant Sadurní d'Anoia
MARC
| LEADER | 00000nam a2200000Ia 4500 | ||
|---|---|---|---|
| 001 | 19631 | ||
| 008 | 160829s1983] xx 000 0 cat d | ||
| 080 | |a FU-9-60 | ||
| 245 | |a Cinturó de Ronda de Sant Sadurní d'Anoia | ||
| 260 | |a [Barcelona : |b Diputació de Barcelona, |c 1983] | ||
| 300 | |a [4] p. : |b map. ; |c 21 cm | ||
| 590 | |a Prové de 3052 | ||
| 650 | |a Carreteres |x Sant Sadurní d'Anoia |9 47260 | ||
| 710 | 1 | |a Barcelona (Catalunya : Província). |b Diputació |9 52408 | |
| 901 | |a Arxiu | ||
| 942 | |n 1 | ||
| 952 | |0 0 |1 0 |4 0 |6 FU960 |7 1 |9 53785 |a Arxiu |b Arxiu |d 2016-12-01 |l 0 |o FU-9-60 |p 19631 |r 2016-12-01 00:00:00 |w 2016-12-01 |y ARXIU | ||
| 999 | |c 57651 |d 57651 | ||